Test o Szachowym Mentorze - Statystyki

Ogólne statystyki
  • Ten quiz został rozwiązany 85 razy
  • Średni wynik to 8 z 15
Statystyki odpowiedzi
Zagadnienie Odpowiedź % Poprawnych
Na streamie Szachowego Mentora dostaniesz bana, jeśli Wszystkie odpowiedzi są poprawne
91%
Który z tych streamerów brał udział w Świątecznym Quizie organizowanym przez ostre szachy? żadna odpowiedź nie jest poprawna
74%
Jaki Szachowy Mentor zdobył tytuł, grając na Fide Chess Arena? AGM
73%
Szachowy Mentor grając na lichess.org nie zgłosi rywala po przegranej partii, jeśli: Rywal zagra na szewczyka
65%
Jaką kategorie szachową ma Szachowy Mentor I
64%
W której z tych gier Szachowy Mentor ma 102 lvl? Among Us
61%
Szachowy Mentor nie porzuci z Tobą partii, jeśli zagrasz w pierwszym ruchu: E4
61%
Jak się nazywa serwer discord Szachowego Mentora Szachowe Królestwo
45%
Za jaką kwotę zostały zakupione srebrne monety? 6666 zł
44%
Ranking Fide Szachowego Mentora w szachach klasycznych wynosi 1747
42%
W co obecnie inwestuje Szachowy Mentor? Lubawa
39%
Ile kosztuje książka Jak zostać szachistą XXI wieku? Kompendium wiedzy dla początkujących 40 zł
34%
Której z tych piosenek Ai prawdopodobnie nie usłyszysz na streamie Szachowego Mentora? O bolero, o bolero!
31%
Które z kont było ostatnim kontem Szachowego Mentora na portalu Chess.com? SrebrnyBaron
27%
Ile trzeba wydać punktów kanału kick na streamie Szachowego Mentora, by odebrać "ławeczkę"? 7500
23%
Nie znaleziono quizów pasujących do podanych kryteriów
Rozkład punktacji
Procent ludzi z każdym wynikiem
Percentyl według liczby udzielonych odpowiedzi
Twoja historia wyników
Nie rozwiązałeś tego quizu